History Quiz

Random History or Nation Quiz

Borders of Belgium (1839-) Quiz Stats

 Plays Quiz Updated Oct 10, 2014

Challenge
Share
Tweet
Embed
Score 0/23 Timer 05:00
2 Plays Today
Years Bordering Country % Correct
1839-1848Kingdom of France
98.6%
1866-1871North German Confederation
98.1%
1852-1870French Empire
98%
1940-1944French State
98%
1944-France
98%
1848-1852Second French Republic
98%
1870-1940Third French Republic
98%
1871-1918German Empire
97.9%
1918-Germany
97.9%
1839-Netherlands
96.3%
1908-1962United Kingdom
89%
1867-Luxembourg
86.3%
Years Bordering Country % Correct
1908-1956Anglo-Egyptian Sudan
84.8%
1960-1962Republic of the Congo (LĂ©opoldville)
66.3%
1902-1912Chinese Empire
59.4%
1912-1931Republic of China
59.4%
1908-1910Kingdom of Portugal
58.1%
1910-1960Portugal
57.6%
1917-1920Russian SFSR
54.8%
1903-1917Russian Empire
53%
1956-1960Sudan
32.9%
1839-1866Prussia
31.6%
1961-1962Tanganyika
10.3%

You're not logged in!

Compare scores with friends on all Sporcle quizzes.
OR
Log In

You Might Also Like...

Show Comments

Extras

Top Quizzes Today


Score Distribution

Your Account Isn't Verified!

In order to create a playlist on Sporcle, you need to verify the email address you used during registration. Go to your Sporcle Settings to finish the process.

Report this User

Report this user for behavior that violates our Community Guidelines.

Details: